Aktuálny vývoj na trhu vybraných poľnohospodárskych komodít bakalárska práca

Guardado en:
Detalles Bibliográficos
Autor principal: Nikitina, Albina
Autor Corporativo: Obchodná fakulta EU. Katedra medzinárodného obchodu
Otros Autores: Bato, Vladyslav, 2000-
Formato: Libro
Lenguaje:eslovaco
Publicado: Bratislava 2024
Etiquetas: Agregar Etiqueta
Sin Etiquetas, Sea el primero en etiquetar este registro!

MARC

LEADER 00000nbm a2200000 4500
001 0302372
005 20250804091147.1
041 0 |a slo 
044 |a SK 
245 1 0 |a Aktuálny vývoj na trhu vybraných poľnohospodárskych komodít  |b bakalárska práca  |c Albina Nikitina ; školiteľ: Vladyslav Bato 
264 1 |a Bratislava  |c 2024 
300 |a 50 s. 
100 1 |a Nikitina, Albina 
700 1 |a Bato, Vladyslav, 2000- 
710 2 |a Obchodná fakulta EU. Katedra medzinárodného obchodu